• 首页
  • 本馆介绍
  • 公告通知
  • 最新文献
  • 馆藏检索
  • 电子资源
  • 读者导购
  • 参考咨询
  • 我的图书馆
  • 登录
  • 详细信息显示
  • 放入我的书架
  • 预约/预借图书
  • 作者相关作品
  • 分类相关作品
  • 丛书相关作品
  • 出版社相关作品

书目信息

  • 表格格式
  • 工作单格式
  • 卡片格式
题名:
师道师说
    
 
作者: 王守常 主编 ;刘泽华 著
分册:   刘泽华卷
出版信息: 北京   东方出版社  2016
页数: 464页
开本: 23cm
丛书名:
单 册:
中图分类: C53 , K207-53
科图分类:
主题词: 社会科学--she hui ke xue--文集 , 中国历史--zhong guo li shi--文集
电子资源:
ISBN: 978-7-5060-7865-8
000 01216nam0 22002771 450
001 0102093630
005 20170402093630.0
010    @a978-7-5060-7865-8@dCNY60.00
100    @a20161019d2016 em y0chiy50 ea
101 0  @achi
102    @aCN@b110000
105    @aa z 000yy
106    @ar
200 1  @a师道师说@Ashi dao shi shuo@e中国文化书院八秩导师文集@i刘泽华卷@f王守常主编@g刘泽华著
210    @a北京@c东方出版社@d2016
215    @a464页@c图@d23cm
330    @a本书收录了刘泽华先生学术生涯中着力于中国政治思想史和政治文化研究的代表性文章,包括了从“文革”思维方式中走出来、对王权支配社会的探索、崇圣主导下的社会观念、在传统与现实之间:关于国学问题的争论、探索历史认识论、政治思想的阴阳组合结构以及作者治学的访谈录等几部分内容。处处体现了一个历史学者对于中国历史文化探索和反思和对社会现实的观照。
517 1  @a中国文化书院八秩导师文集@Azhong guo wen hua shu yuan ba zhi dao shi wen ji
606 0  @a社会科学@Ashe hui ke xue@j文集
606 0  @a中国历史@Azhong guo li shi@j文集
690    @aC53@v5
690    @aK207-53@v5
701  0 @c(满)@a王守常@Awang shou chang@f(1948-)@4主编
702  0 @a刘泽华@Aliu ze hua@f(1935-)@4著
801  0 @aCN@bTANGWEI@c20170308
905    @b0964414-7@dC53@e304@f4
    
    师道师说:中国文化书院八秩导师文集.刘泽华卷/王守常主编/刘泽华著.-北京:东方出版社,2016
    464页:图;23cm
    
    
    ISBN 978-7-5060-7865-8:CNY60.00
    本书收录了刘泽华先生学术生涯中着力于中国政治思想史和政治文化研究的代表性文章,包括了从“文革”思维方式中走出来、对王权支配社会的探索、崇圣主导下的社会观念、在传统与现实之间:关于国学问题的争论、探索历史认识论、政治思想的阴阳组合结构以及作者治学的访谈录等几部分内容。处处体现了一个历史学者对于中国历史文化探索和反思和对社会现实的观照。
●
相关链接 在E读中查询图书 在五车中查询图书 在当当中查询图书 在豆瓣中查询图书


正题名:师道师说     索取号:C53/304         预约/预借

序号 登录号 条形码 馆藏地/架位号 状态 备注
1 0964414   209644143   第一样本阅览室/ [索取号:C53/304] 在馆    
2 0964415   209644152   第一借阅区/ [索取号:C53/304] 在馆    
3 0964416   209644161   第一借阅区/ [索取号:C53/304] 在馆    
4 0964417   209644170   第一借阅区/ [索取号:C53/304] 在馆    
唐山师范学院图书馆 欢迎您!
大连网信软件有限公司© 版权所有